000
00304nam a2200109Ia 4500
008
171211s9999 xx 000 0 und d
245
_a
Colour Forecasting
245
_c
Tom Cassidy and Tracy Diane
260
_c
2005
650
_x
Drawing
856
_u
http://down.ebook777.com/006/Colour%20Forecasting.pdf
999
_c
347989
_d
347989